| 000 | 01097nam a2200301Ia 4500 | ||
|---|---|---|---|
| 001 | 34473 | ||
| 003 | IT-RoPAU | ||
| 008 | 130308s9999 xx 000 0 und d | ||
| 040 | _aIT-RoPAU | ||
| 040 | _cIT-RoPAU | ||
| 041 | _aITALIANO | ||
| 100 | _aPaolo VI | ||
| 100 | _gCodice Aut. SPICS: 2894 | ||
| 245 | _aInter mirifica-Decreto conciliare sugli strumenti della comunicazione sociale | ||
| 245 | _bInter Mirifica-Decreto conciliare Sugli Strumenti della Comunicazione Sociale | ||
| 250 | _a1a ed. | ||
| 260 | _aROMA | ||
| 260 | _bEdizioni Paoline Fsp | ||
| 260 | _c1966 [1° Ed.:1966 - Ed.Ling.Originale:1963] | ||
| 300 | _a"16 p. (prefazione: no ; testo: 16)" | ||
| 500 | _aDecreto conciliare testo in Italiano legge Morale Diritto All'Informazionearte e Morale Opinione Pubblica doveri Iniziative Formazione sussidi giornata delle comunicazioni Sociali Uffici e Associazioni della Chiesa nazionali e Internazionali | ||
| 650 | _aTESTI DI DOCUMENTI ECCLESIASTICI | ||
| 650 | _eCodice materia Spics: 9101 | ||
| 942 | _cBK | ||
| 957 | _71 | ||
| 999 |
_c75705 _d75705 |
||
| 999 | _bSI | ||
| 999 | _g3 | ||